| 000 | 00942nam a2200313Ia 4500 | ||
|---|---|---|---|
| 003 | GCL | ||
| 008 | 140319s9999 xx 000 0 ara d | ||
| 040 |
_aGCL / _cGCL |
||
| 082 | 0 | 4 |
_a011 _bى ج |
| 100 | 1 | _aيوسف اليان سركيس | |
| 245 | 1 | 0 |
_aجامع التصانيق الحديثة التى طبعت فى البلاد الشرقية والغربية والامريكية / _cيوسف اليان سركيس |
| 260 |
_a[S.N] : _bدار صادر ، _c1993 |
||
| 300 | _a223 ص | ||
| 490 | _a | ||
| 650 | 0 | 4 | _aالطب |
| 650 | 0 | 4 | _aالفلسفة |
| 650 | 0 | 4 | _aالتربية |
| 650 | 0 | 4 | _aالادب |
| 650 | 0 | 4 | _aالسياسة |
| 650 | 0 | 4 | _aالتراجم |
| 650 | 0 | 4 | _aالتاريخ |
| 650 | 0 | 4 | _aالرحلات |
| 650 | 0 | 4 | _aالاجتماع |
| 650 | 0 | 4 | _aالديانات |
| 650 | 0 | 4 | _aالكتب |
| 650 | 0 | 4 | _aالببليوجرافيات |
| 650 | 0 | 4 | _aالببليوجرافيا |
| 942 |
_2ddc _cBK |
||
| 999 |
_c32613 _d32613 |
||